000 005980000a22001810004500
003 MACL
005 20160610155608.0
008 160610b xxu||||| |||| 00| 0 eng d
040 _aMACL
_cmacl
041 _aHindi
082 _a891.433
100 _aवाजपेयी, भगवती प्रसाद
_943845
245 _aभद्रशालिनी
_cभगवती प्रसाद वाजपेयी
260 _bसुयोग्‍य प्रकाशन
_c1996
_aनई दिल्‍ली
350 _a55
650 _aNovel
_963978
942 _cHIN
_k891.433
_2ddc
999 _c30095
_d30095